[Event "4NCL/Div1d/BAR2 vs. RIC"]
[Site "Hinckley Island ENG"]
[Date "2009.03.22"]
[Round "8.5"]
[White "Ynojosa, Felix J"]
[Black "Osborne, Marcus E"]
[Result "1/2-1/2"]
[WhiteElo "2174"]
[BlackElo "2192"]
[PlyCount "86"]
[EventDate "2009.03.22"]
[EventType "team"]
[EventRounds "11"]
[EventCountry "ENG"]
[SourceDate "2008.10.04"]

1. e4 c5 2. c3 d5 3. exd5 Qxd5 4. Nf3 Nc6 5. d4 cxd4 6. cxd4 e5 7. Nc3 Bb4 8.
Be3 e4 9. Nd2 Bxc3 10. bxc3 Nf6 11. Be2 h5 12. c4 Qd6 13. Nb3 Bg4 14. h3 Bxe2
15. Qxe2 O-O-O 16. O-O Rhg8 17. f4 Ne7 18. d5 Nf5 19. Rfd1 g5 20. c5 Qa6 21.
Qxa6 bxa6 22. Bc1 e3 23. Bb2 gxf4 24. Rf1 Rg6 25. Rxf4 Rdg8 26. Rxf5 Rxg2+ 27.
Kh1 Ne4 28. Bd4 Re2 29. Rf3 Nf2+ 30. Kh2 Ne4+ 31. Kh1 Nf2+ 32. Kh2 Nd1+ 33. Kh1
Re1+ 34. Kh2 Reg1 35. h4 R8g2+ 36. Kh3 Rg4 37. Rxd1 Rxd1 38. Kh2 e2 39. Bc3
Rdg1 40. Re3 R1g2+ 41. Kh1 Rg1+ 42. Kh2 R1g2+ 43. Kh3 Rg1 1/2-1/2

[Event "4NCL/Div1d/BAR2 vs. RIC"]
[Site "Hinckley Island ENG"]
[Date "2009.03.22"]
[Round "8.6"]
[White "Meyer, Gordon"]
[Black "Taylor, Peter"]
[Result "1/2-1/2"]
[WhiteElo "2160"]
[BlackElo "2252"]
[PlyCount "74"]
[EventDate "2009.03.22"]
[EventType "team"]
[EventRounds "11"]
[EventCountry "ENG"]
[SourceDate "2008.10.04"]

1. e4 c6 2. c4 d5 3. exd5 cxd5 4. cxd5 Nf6 5. Nc3 Nxd5 6. Nf3 Nxc3 7. bxc3 g6
8. Bb5+ Nd7 9. O-O Bg7 10. d4 O-O 11. Bg5 Nf6 12. Re1 Be6 13. Rc1 Rc8 14. Ne5
Qa5 15. c4 a6 16. Ba4 b5 17. cxb5 axb5 18. Bb3 Rxc1 19. Qxc1 Bxb3 20. axb3 Qb4
21. Nc6 Qxb3 22. Nxe7+ Kh8 23. h3 Qc4 24. d5 Qxc1 25. Bxc1 Rd8 26. Ba3 Ra8 27.
Bb4 Nd7 28. Nc6 Bf6 29. g3 Kg7 30. Kg2 Ra2 31. Re4 Ra1 32. Nd4 Rd1 33. Ne6+
fxe6 34. dxe6 Ne5 35. f4 Nc6 36. e7 Nxe7 37. Bxe7 Rd7 1/2-1/2

[Event "4NCL/Div1d/BAR2 vs. RIC"]
[Site "Hinckley Island ENG"]
[Date "2009.03.22"]
[Round "8.7"]
[White "Coleman, David"]
[Black "Franklin, Michael J"]
[Result "1-0"]
[WhiteElo "2208"]
[BlackElo "2226"]
[PlyCount "77"]
[EventDate "2009.03.22"]
[EventType "team"]
[EventRounds "11"]
[EventCountry "ENG"]
[SourceDate "2008.10.04"]

1. e4 c5 2. Nf3 a6 3. d3 g6 4. g3 Bg7 5. Bg2 e6 6. O-O Ne7 7. c3 d6 8. a4 O-O
9. Na3 Nd7 10. Nc4 Qc7 11. Bf4 e5 12. Bd2 Rb8 13. Nh4 b5 14. axb5 axb5 15. Ne3
c4 16. Qe2 cxd3 17. Qxd3 Nc5 18. Qc2 Be6 19. Ra3 Bc4 20. Nxc4 bxc4 21. Rb1 Nc8
22. Bf1 Nb6 23. Ng2 Qc6 24. Re1 Rfc8 25. f3 d5 26. exd5 Qxd5 27. Ne3 Qxf3 28.
Nxc4 Qd5 29. Nxb6 Rxb6 30. Be3 Rbb8 31. Ra5 Qd6 32. Rd1 Qe7 33. b4 Ne6 34. Qb3
Qc7 35. Ra3 e4 36. Bh3 Qc4 37. Bxe6 fxe6 38. Rd8+ Bf8 39. Qxc4 1-0

[Event "4NCL/Div1d/BET vs. SAMS"]
[Site "Hinckley Island ENG"]
[Date "2009.03.22"]
[Round "8.1"]
[White "Hunt, Adam C"]
[Black "Armstrong, Malcolm"]
[Result "1-0"]
[WhiteElo "2431"]
[BlackElo "2060"]
[PlyCount "65"]
[EventDate "2009.03.22"]
[EventType "team"]
[EventRounds "11"]
[EventCountry "ENG"]
[SourceDate "2008.10.04"]

1. e4 e6 2. d4 d5 3. Nc3 Nf6 4. Bg5 dxe4 5. Nxe4 Nbd7 6. Nxf6+ Nxf6 7. Nf3 c5
8. c3 Be7 9. Bd3 O-O 10. dxc5 Qc7 11. Qe2 Qxc5 12. Rd1 h6 13. Bh4 Bd7 14. O-O
Bc6 15. Ne5 Rad8 16. Rfe1 a6 17. a3 Bd5 18. c4 Bc6 19. b4 Qb6 20. Bg3 Ba4 21.
Rd2 a5 22. c5 Qa7 23. Nc4 axb4 24. axb4 Bb3 25. Rb2 Bxc4 26. Bxc4 Qa3 27. Be5
Rd7 28. Rb3 Qa8 29. Rg3 Qd8 30. Bc3 Rc7 31. Bb5 Qd5 32. Be5 Rcc8 33. Rd3 1-0

[Event "4NCL/Div1d/BET vs. SAMS"]
[Site "Hinckley Island ENG"]
[Date "2009.03.22"]
[Round "8.2"]
[White "Varnam, Liam D"]
[Black "Ansell, Simon"]
[Result "1-0"]
[WhiteElo "2109"]
[BlackElo "2405"]
[PlyCount "59"]
[EventDate "2009.03.22"]
[EventType "team"]
[EventRounds "11"]
[EventCountry "ENG"]
[SourceDate "2008.10.04"]

1. e4 c5 2. Nf3 Nc6 3. d4 cxd4 4. Nxd4 e6 5. Nc3 Qc7 6. Be3 a6 7. a3 Nf6 8. f4
d6 9. Be2 Be7 10. O-O O-O 11. Kh1 Bd7 12. Nb3 Rad8 13. Bf3 Na5 14. Nxa5 Qxa5
15. Qe1 Qc7 16. g4 Bc6 17. g5 Nd7 18. Qh4 Rfe8 19. Rg1 b5 20. Rg3 Qb7 21. Rd1
Nf8 22. Qh3 d5 23. exd5 exd5 24. Bd4 Ne6 25. Ne2 Nxd4 26. Nxd4 Bf8 27. Qh4 Bd7
28. f5 Re4 29. Bxe4 dxe4 30. g6 1-0

[Event "4NCL/Div1d/BET vs. SAMS"]
[Site "Hinckley Island ENG"]
[Date "2009.03.22"]
[Round "8.4"]
[White "Makepeace, Philip J"]
[Black "Eames, Robert G"]
[Result "0-1"]
[WhiteElo "2032"]
[BlackElo "2335"]
[PlyCount "58"]
[EventDate "2009.03.22"]
[EventType "team"]
[EventRounds "11"]
[EventCountry "ENG"]
[SourceDate "2008.10.04"]

1. e4 c5 2. Nf3 Nc6 3. d4 cxd4 4. Nxd4 Nf6 5. Nc3 e5 6. Ndb5 d6 7. Nd5 Nxd5 8.
exd5 Nb8 9. c4 Be7 10. c5 O-O 11. Be3 f5 12. f4 a6 13. Nc3 Nd7 14. c6 Nf6 15.
fxe5 Ng4 16. Bg1 Nxe5 17. Qb3 Bh4+ 18. g3 Nf3+ 19. Kd1 Qg5 20. Nb1 Nxg1 21.
Rxg1 Qg4+ 22. Kc2 f4 23. cxb7 Bf5+ 24. Bd3 Qe2+ 25. Nd2 Rac8+ 26. bxc8=Q Rxc8+
27. Qc3 Qxd3+ 28. Kb3 Rxc3+ 29. bxc3 Bf6 0-1

[Event "4NCL/Div1d/BET vs. SAMS"]
[Site "Hinckley Island ENG"]
[Date "2009.03.22"]
[Round "8.6"]
[White "Russell, Chris"]
[Black "Nelson, Jonathan"]
[Result "0-1"]
[WhiteElo "2076"]
[BlackElo "2252"]
[PlyCount "64"]
[EventDate "2009.03.22"]
[EventType "team"]
[EventRounds "11"]
[EventCountry "ENG"]
[SourceDate "2008.10.04"]

1. e4 d6 2. d4 Nf6 3. Nc3 g6 4. Nf3 Bg7 5. Be2 O-O 6. O-O Bg4 7. Be3 Nc6 8. d5
Bxf3 9. Bxf3 Ne5 10. Be2 c6 11. f4 Ned7 12. dxc6 bxc6 13. Bf3 Qc7 14. Qd2 Rab8
15. Rab1 Rfd8 16. Rfd1 Nb6 17. Qe2 Nfd7 18. Qd3 e5 19. g3 Nc5 20. Qf1 Nca4 21.
Nxa4 Nxa4 22. Qa6 exf4 23. gxf4 Nxb2 24. Rf1 Rb5 25. e5 Nc4 26. Qxa7 Qxa7 27.
Bxa7 Rxb1 28. Rxb1 Nd2 29. Rb3 Nxb3 30. axb3 dxe5 31. fxe5 Bxe5 32. Bxc6 Rd1+
0-1

[Event "4NCL/Div1d/BET vs. SAMS"]
[Site "Hinckley Island ENG"]
[Date "2009.03.22"]
[Round "8.7"]
[White "Ledger, Stephen C"]
[Black "Willis, Rupert"]
[Result "1/2-1/2"]
[WhiteElo "2150"]
[BlackElo "1990"]
[PlyCount "145"]
[EventDate "2009.03.22"]
[EventType "team"]
[EventRounds "11"]
[EventCountry "ENG"]
[SourceDate "2008.10.04"]

1. d4 Nf6 2. Nf3 e6 3. Bf4 b6 4. e3 Bb7 5. Be2 d6 6. O-O Nbd7 7. h3 g6 8. c4
Bg7 9. Nc3 O-O 10. Qc2 Qe7 11. Rfd1 h6 12. b4 e5 13. Bh2 Rfe8 14. Nb5 exd4 15.
Nbxd4 Ne4 16. Rac1 a6 17. Bd3 c5 18. bxc5 dxc5 19. Nb3 Rac8 20. Re1 b5 21. Nbd2
Nc3 22. Nb1 b4 23. Nxc3 Bxc3 24. Red1 Nf6 25. Nd2 Rcd8 26. Nb1 Be5 27. Bxe5
Qxe5 28. Nd2 Qg5 29. Bf1 Rd7 30. Nb3 Red8 31. Rxd7 Rxd7 32. Rd1 Qe5 33. Rxd7
Nxd7 34. Qd2 Qe6 35. f3 h5 36. e4 Kg7 37. Qe3 Qd6 38. f4 Qc6 39. e5 Qe4 40.
Qxe4 Bxe4 41. Kf2 Bb1 42. Nc1 a5 43. Ke3 a4 44. Bd3 Bxd3 45. Nxd3 a3 46. Nc1
Nb6 47. Kd3 h4 48. Nb3 Na4 49. Kc2 Kf8 50. Nd2 Nc3 51. Nb3 Nxa2 52. Nxc5 Nc3
53. Nd3 a2 54. Kb2 b3 55. Nc5 Ne2 56. Nxb3 a1=Q+ 57. Kxa1 Nxf4 58. Nd4 Nxg2 59.
Nf3 Nf4 60. Kb2 Nxh3 61. Nxh4 Ng5 62. Kc3 Ke7 63. Kd4 Ke6 64. c5 Ke7 65. Kd5
Kd7 66. Ng2 Ne6 67. Ne3 Nc7+ 68. Ke4 Kc6 69. Ng4 Ne6 70. Nh6 Nxc5+ 71. Kf4 Ne6+
72. Kg4 Nd8 73. Kg5 1/2-1/2

[Event "4NCL/Div1d/BET vs. SAMS"]
[Site "Hinckley Island ENG"]
[Date "2009.03.22"]
[Round "8.8"]
[White "Sainbayar, Anuurai"]
[Black "Yurenok, Maria S"]
[Result "0-1"]
[WhiteElo "1590"]
[BlackElo "2035"]
[PlyCount "106"]
[EventDate "2009.03.22"]
[EventType "team"]
[EventRounds "11"]
[EventCountry "ENG"]
[SourceDate "2008.10.04"]

1. e4 c5 2. Nf3 e6 3. c3 d5 4. e5 Qb6 5. Qb3 c4 6. Qxb6 axb6 7. Nd4 Bd7 8. b3
cxb3 9. Nxb3 Nc6 10. d4 Na5 11. N1d2 Rc8 12. Nxa5 bxa5 13. Bb2 Ne7 14. Bd3 Nc6
15. O-O a4 16. a3 Na5 17. f4 Be7 18. f5 exf5 19. Bxf5 Bxf5 20. Rxf5 O-O 21.
Raf1 b5 22. h3 Nc4 23. Nxc4 bxc4 24. g3 Rb8 25. R5f2 Rb3 26. Ra1 Rfb8 27. Ra2
R8b6 28. h4 f6 29. exf6 Rxf6 30. Re2 Kf7 31. Kg2 Re6 32. Rf2+ Ke8 33. Ra1 Reb6
34. Ra2 Rf6 35. Re2 Kd7 36. Ra1 Rfb6 37. Ra2 Re6 38. Rf2 Rf6 39. Re2 Bd6 40.
Kh3 Rf3 41. Rg2 h5 42. Kh2 Bc7 43. Ra1 Bxg3+ 44. Rxg3 Rxb2+ 45. Kh3 Rxg3+ 46.
Kxg3 Rc2 47. Kf4 Rxc3 48. Kg5 Rd3 49. Kxh5 Rxd4 50. Rg1 c3 51. Rxg7+ Kd6 52.
Rg3 c2 53. Rc3 Rc4 0-1